| 000 | 00640nam a22001937a 4500 | ||
|---|---|---|---|
| 005 | 20251108164930.0 | ||
| 008 | 250721s1977 xx 000 0 ara d | ||
| 082 | 1 | 4 | _a964/برو |
| 100 | 1 | _aبروفنسال، ليفي | |
| 245 | 1 | 0 | _aمؤرخو الشرفاء / |
| 264 | 1 |
_aالرباط : _bدار المغرب للتأليف و الترجمة و النشر، _c1977. |
|
| 300 | _a320ص : فهارس | ||
| 490 | 0 | _aسلسلة التاريخ ؛ 5 | |
| 650 | 1 | 7 | _aتاريخ المغرب |
| 650 | 1 | 7 | _aالتاريخ السياسي |
| 700 | 1 |
_aالخلاوي، عبد القادر _eترجمة |
|
| 942 |
_2ddc _cBK |
||
| 999 |
_c17774 _d17774 |
||